Регионална библиотека "Любен Каравелов" - Русе

Котките (Запис номер 101360)

MARC детайли
000 -Лидер
Контролно поле с фиксирана дължина 01535nam a2200385 c 4500
003 - Код на организацията, давaща контролен номер
Контролно поле BLK
005 - Дата и час на последна редакция
Контролно поле 20240418005344.0
008 - Елементи от данни с фиксирана дължина
fixed length control field 180409b bul|||||r ||||||| ||bul||
010 ## - Наследен системен номер
LC control number KNG00106404000
020 ## - Международен стандартен номер на книга ISBN
Международен стандартен номер на книга ISBN 978-954-625-681-2
-- издат.: Фют
040 ## - Източник на каталожния запис
Идентификатор на билиотеката - собственик на записа BLK
041 ## - Код за език
Код за езика на текст/звукозапис или на отделно заглавие Български
Код за езика КДБФ Български
072 #7 - Код за тематичната категория
Код организация bullib
Код за тематична категория Н86
Текст Детска отраслова литература Н
080 ## - УДК
Текстов определител УДК Котки
УДК код - определител по УДК 636.8
УДК определител (035)
УДК - код + определител 636.8(035)
100 1# - Редна дума - Автор
Автор Паркър, Стив
Авторска отговорност първи автор
R(LIN) 372343
139 ## - Редно поле
Редна дума Паркър, Стив
Авторски знак Пар - П 22
245 10 - Сведения за заглавието
Заглавие Котките
Редно поле (дума) Стив Паркър; прев. Албена Раленкова.
257 ## - Страна на издаване
Страна на създаване/издаване Великобритания
260 ## - Област на издателските данни
-- София
Име на издателя, разпространителя и проч. Фют
Година на издаване 2011
300 ## - Физическа характеристика
Страници 48 с.
Илюстрации и др. с цв. ил.
Размери/Мащаб 21 см
380 ## - Жанр
Жанр Детска отраслова лит.
490 1# - СЕРИИ (Колекции)
Име на серия 100 интересни неща за...
500 ## - Общи забележки
Забележка Ориг. загл. 100 Things You Should Know About Cats Kittens. - Речник ; Азб. показалец.
650 #4 - Допълнително описание по предмет – тема
Основно описание – тема или топоним Котки - справочници и енциклопедии
9 (RLIN) 256576
653 ## - Ключова дума – ненормативна
Ключова дума котки
653 ## - Ключова дума – ненормативна
Ключова дума домашни животни
659 ## - Тематичен бюлетин
Тематичен бюлетин Н
700 ## - Други автори (авторска отговорност)
Лично име Раленкова, Албена Василева
Дати, свързани с автора 1968 -
Друга информация Преводач от английски и френски език.
9 (RLIN) 368050
852 ## - Местоположение
Форматна сигнатура Цб 255071
856 4# - Електронен адрес и достъп
Електронен формат pdf - файл
Път до файла /url/
856 4# - Електронен адрес и достъп
Електронен формат pdf - файл
Път до файла /url/
942 ## - АРТИКУЛИ
Вид на библиотечния материал Книги
Скрит в OPAC Не
Koha issues (borrowed), all copies 11
944 ## - СЪЗДАВАНЕ И РЕДАКЦИЯ на ЗАПИСА
Създаване/Редакция Създаване
Дата на регистрацията/редакция 16.05.2012
Статус, дата на статуса CRON CRON
Служител, извършил регистрацията/редакцията
944 ## - СЪЗДАВАНЕ И РЕДАКЦИЯ на ЗАПИСА
Създаване/Редакция Редакция
Дата на регистрацията/редакция 28.01.2015
Статус, дата на статуса ф /
Служител, извършил регистрацията/редакцията Людмила_Стоянова
999 ## - СИСТЕМНИ КОНТРОЛНИ НОМЕРА
Koha biblionumber 101360
Koha biblioitemnumber 101360
Наличности
Код за отписване Код за изгубен артикул Код за повреда Коз за рестрикции Код за отдаване Артикулен № Име на библиотеката - собственик Име на библиотеката, в която се намира в момента Статус (Текущо местоположение) Дата на вписване в системата Местоположение - отдел Цена в лева Инвентарен номер Систематично азбучна сигнатура Баркод Номер на екземпляра Цена в евро Служебна бележка Служебен тип на артикула Източник на класификационната схема
  Не е изгубен Не е повреден без рестрикции заемане за дома 163216 Регионална библиотека "Любен Каравелов" Русе Регионална библиотека "Любен Каравелов" Русе Детски отдел 2012-05-16 Детски отдел 3.19 120000757369 ДН 636/639/П 22 120000757369 1 1.63 Дост: DA Вид: А N: 7 Дата: 16.05.2012 Дата инв: 20.08.2015 Бележки инв: Д2015 Книги  
  Не е изгубен Не е повреден без рестрикции заемане за дома 163217 Регионална библиотека "Любен Каравелов" Русе Регионална библиотека "Любен Каравелов" Русе Детски отдел 2014-12-10 Детски отдел 3.99 120000783815 ДН 636/639/П 22 120000783815 2 2.04 Дост: Pk Вид: Ф N: 422 Дата: 10.12.2014 Дата инв: 19.08.2015 Бележки инв: Д2015 Книги  
Изтеглен Не е изгубен Не е повреден без рестрикции заемане за дома 163218 Регионална библиотека "Любен Каравелов" Русе Регионална библиотека "Любен Каравелов" Русе Детски отдел 2014-12-10 Детски отдел 3.99 120000783816 ДН 636/639/П 22 120000783816 3 2.04 Дост: Pk Вид: Ф N: 422 Дата: 10.12.2014 Дата инв: 20.08.2015 Бележки инв: Д2015 Книги Universal Decimal Classification
Vip Innovations Ltd, Rousse, Bulgaria 2025